000 00531nam a2200181Ia 4500
008 090124s9999 xx 000 0 und d
082 _b112298
100 _aसाठे भा.स.
245 _a भूकबळी आणि पुढारी
250 _a1
260 _c1968
300 _a127
600 _aसाठे भा.स.
630 _a भूकबळी आणि पुढारी
700 _aसाठे भा.स.
730 _a भूकबळी आणि पुढारी
942 _cBOOK
999 _c158389
_d158389